000 00601cam a22002171 4500
001 sa 64001212
003 DLC
005 20260227112001.0
008 761116s1963 pk a b 001 0 eng
010 _asa 64001212
035 _a(OCoLC)2561986
040 _aDLC
_cTxCM
_dDLC
042 _apremarc
050 0 0 _aUA853.P3
_bK46
100 1 _aKhan, Fazal Muqueem.
245 1 4 _aThe story of the Pakistan Army.
260 _aKarachi,
_bPakistan Branch, Oxford University Press,
_c1963.
300 _ax, 250 p.
_billus.
_c23 cm.
504 _aBibliography: p.[243]-245.
610 1 0 _aPakistan.
_bArmy.
999 _c56640
_d56640